| 000 | 00646nam a22002057a 4500 | ||
|---|---|---|---|
| 005 | 20251108173637.0 | ||
| 008 | 250721s1988 xx 000 0 ara d | ||
| 082 | 1 | 4 | _aط/629.892/عال |
| 100 | 1 |
_aالنابلسي، هاله _eمترجم |
|
| 245 | 1 | 0 | _aعالم الألكترون / |
| 264 | 1 |
_aبيروت : _bدار المسيرة، _c1988. |
|
| 300 | _a24ص:مص | ||
| 490 | 0 | _aالمستكشف الصغير | |
| 650 | 1 | 7 | _aالهندسة الإلكترونية |
| 650 | 1 | 7 | _aالربوطية |
| 653 | _aناشئون صغار (10-14) سنة | ||
| 700 | 1 |
_aصفير، جوزيف _eمترجم |
|
| 942 |
_2ddc _cBK |
||
| 999 |
_c108886 _d108886 |
||